000 00481nam a2200181Ia 4500
005 20250508160813.0
008 008 250505s9999 xx 000 0 eng d
037 _aTextual
040 _aFEDL
_beng
_cFEDL
041 _aeng
_2eng
084 _a415, CHO
_qFEDL
100 _aChomsky Noam
245 0 _aAspects of the theory of syntax
260 _aCambridge
_bThe M I T Press
_c1970
300 _ax,251p
942 _cTEXL
_h415, CHO
999 _c1366715
_d1366715